Tottenham Hotspur - Liverpool 2015-2016 - Statistics

General Stats
  • This quiz has been taken 299 times
  • The average score is 19 of 28
Answer Stats
Answer % Correct
Harry Kane
98%
Hugo Lloris
94%
Danny Rose
87%
Jan Vertonghen
85%
Kyle Walker
85%
Christian Eriksen
82%
Toby Alderweireld
82%
Philippe Coutinho
80%
Dele Alli
78%
Jürgen Klopp
78%
Simon Mignolet
78%
Nathan Clyne
72%
Alberto Moreno
70%
Divock Origi
70%
James Milner
70%
Erik Lamela
69%
Mauricio Pochettino
69%
Moussa Dembélé
69%
Adam Lallana
67%
Martin Skrtel
63%
Lucas Leiva
59%
Emre Can
58%
Mamadou Sakho
58%
Nacer Chadli
48%
Jordon Ibe
34%
Joe Allen
31%
Clinton Njie
19%
Andros Townsend
15%
No matching quizzes found
Score Distribution
Percent of People with Each Score
Percentile by Number Answered
Your Score History
You have not taken this quiz